Introduction to probability theory with computing /
Guardado en:
| Autor Principal: | |
|---|---|
| Formato: | Libro |
| Idioma: | English |
| Publicado: |
Englewood Cliffs, N.J. :
Prentice-Hall,
c1975.
|
| Materias: | |
| Etiquetas: |
Agregar Etiqueta
Sin Etiquetas, Sea el primero en etiquetar este registro!
|
| LEADER | 00671cam a2200205 a 4500 | ||
|---|---|---|---|
| 001 | MAT.inmabb004535 | ||
| 008 | 750421s1975####njua#####b####001#0#eng## | ||
| 005 | 20130226162522.0 | ||
| 245 | 1 | 0 | |a Introduction to probability theory with computing / |c J. Laurie Snell. |
| 260 | |a Englewood Cliffs, N.J. : |b Prentice-Hall, |c c1975. | ||
| 300 | |a 294 p. : |b il. ; |c 24 cm. | ||
| 504 | |a Bibliografía: p. 291. | ||
| 510 | 4 | |a MR, |c 50 #14851 | |
| 020 | |a 0134934458 | ||
| 100 | 1 | |a Snell, J. Laurie |q (James Laurie), |d 1925- | |
| 650 | 0 | |a Probabilities |x Data processing. | |
| 084 | |a 60-01 |2 msc2000 | ||
| 010 | |a 75309611 | ||
| 040 | |a DLC |c DLC |d DLC | ||
| 859 | |h 60 |i Sn671 |p A-4919 |b BIB. MATEMATICA | ||
